000 01347cam a2200289 4500
001 ABS64690
008 011101n2001 000 0 eng u
035 _a(Sirsi) u115429
100 _aRoberts, N
245 _aBeware of loft living
260 _c2001
490 _aConveyancer and Property Lawyer
_v(65) Sept/Oct 2001, 387-395(9)
520 _aWarns conveyancers of the legal problems relating loft properties marketed as live-work units. Examines the rights of landlords and tenants of live-work units,highlights the difficulty of distinquishing commercial from residential use, and provides detailed discussion of the restrictions of the Landlord and Tenant Act 1987 and the Leasehold Reform, Housing and Urban Development Act 1993. Briefly discusses the Commonhold and Leasehold Reform Bill and concludes that changes to the Bill should be made to clarify the situation with live-work units.
590 _aABS
650 _aLOFTS
650 _aLIVE-WORK UNITS
650 _aCONVEYANCERS
650 _aFREEHOLD
650 _aBUSINESS USE
650 _aRESIDENTIAL USE
650 _aCHANGE OF USE
650 _aLANDLORD AND TENANT ACT 1987
650 _aLEASEHOLD REFORM, HOUSING AND URBAN DEVELOPMENT ACT 1993
650 _aCOMMONHOLD AND LEASEHOLD REFORM BILL
690 _aLandlord and tenant
_96252
942 _n0
999 _c68744
_d68744